000 00897nam a2200265Ia 4500
003 OSt
005 20220927110214.0
006 a|||||r|||| 00| 0
007 ta
008 220926b |||||||| |||| 00| 0 eng d
024 _a105820
037 _cReference Collections
040 _aRTL
_cRTL
_beng
041 _2eng
_aeng
082 _a"X9(J:24)p2,N90, N1"
100 _aJain B K & etc Ed.
_9376066
110 _aSeminar on Fertiliser Scens in Nineties (1990) (New Delhi)
_9376067
245 0 _aSeminar on fertiliser scene in Ninetie; Proceedings
260 _aNew
_bDelhi Fertiliser Assocaiton of India India
_c1991
300 _aVarious pagination
_ccm.
650 _aSoil Industry
700 _aSeminar on Fertiliser Scens in Nineties (1990) (New Delhi)
_9376068
942 _h"X9(J:24)p2,N90, N1"
_cCC
999 _c695474
_d695474